| 000 | 02951nam a22003257a 4500 | ||
|---|---|---|---|
| 001 | TZ 0034 | ||
| 003 | gtcocun | ||
| 005 | 20251007174700.0 | ||
| 006 | a||||gr|||| 00| 0 | ||
| 007 | ta | ||
| 008 | 251007b2008 gt ||||| m||| 00| 0 eng d | ||
| 040 |
_agtcocun _bSPA _cgtcocun _eRDA |
||
| 041 | _aSPA TZ 0034 | ||
| 084 | _0TZ 0034 | ||
| 100 |
_aJuárez Barrientos, Luis Rolando _eAutor |
||
| 245 |
_aINFORME DE EJERCICIO PROFESIONAL SUPERVISADO, REALIZADO EN EL PROGRAMA DE DESARROLLO INTEGRAL PARA EL DEPARTAMENTO DE EL QUICHÉ./ _cLuis Rolando Juárez Barrientos. _hImpreso |
||
| 264 |
_aCobán, Alta Verapaz: _bUniversidad de San Carlos de Guatemala, Centro Universitario del Norte, Zootecnia _c2008 |
||
| 300 |
_a57 p.: _bIlustraciones, gráficas. _c28 cm; |
||
| 336 |
_2rdacontenido _aTexto _btxt |
||
| 337 |
_2rdamedio _aComputadora _bn |
||
| 338 |
_2rdasoporte _aCódigo en línea _bcr |
||
| 502 | _eTZ 0034 | ||
| 502 |
_aTesis de grado _bZootecnia, _cUniversidad de San Carlos de Guatemala, Centro Universitario del Norte, Zootecnia _d2008 _oTZ 0034 |
||
| 520 | 1 | 4 | _aDurante el desarrollo del Ejercicio Profesional Supervisado, se llevaron a cabo actividades tanto de implementación de proyectos nuevos así como seguimiento a proyectos que iniciaron a finales del año 1998. Se designó como comunidad sede del Ejercicio Profesional Supervisado (E.P.S.) la comunidad San Antonio Sinaché del Municipio de Zacualpa, en el Departamento de Quiché, por haberse encontrado en la comunidad las condiciones necesarias para la ejecución de un proyecto de engorde de ganado bovino. Se formularon las recomendaciones necesarias hacia el área pecuaria del Programa de Desarrollo Integral de EL Quiché, con el fin de que la comunidad fuera beneficiada con la asignación del proyecto anteriormente mencionado. De igual forma se realizó en otras comunidades solicitantes, recomendándolas de acuerdo con el potencial que se observara en la comunidad para la ejecución del proyecto solicitado. Como una contribución tanto del Programa de Desarrollo para el Departamento de El Quiche y del Centro Universitario, se llevó a cabo la capacitación a promotores agropecuarios de la Asociación de Desarrollo Comunitario (ASDECO) interesados en obtener conocimientos técnicos en el manejo y reproducción de animales domésticos. Durante el desarrollo del Ejercicio Profesional Supervisado se trabajaron con tres especies: Aves de engorde, producción de ovinos y bovinos; a la vez se capacitó a los beneficiarios en aspectos de sanidad y profilaxis. |
| 650 | 1 | 4 |
_2LEMB _aEl Quiché. _xZootecnia _xBovino _xDesarrollo integral _xAgropecuarios _xProfilaxis _xComunitario |
| 700 |
_aLic. Zoot. Julio Antonio Estrada Osorio _eAsesor |
||
| 856 |
_uhttps://drive.google.com/file/d/1hr0Fsh72yTTDGk50jOqQ-wENFdgyXHJA/view _yPDF _zUn ejemplar en línea. |
||
| 942 |
_2ddc _cTES _iTZ 0034 _kClasificación _n0 _6TZ_0034_000000000000000 |
||
| 999 |
_c2274 _d2274 |
||